000 00507nam a2200181Ia 4500
999 _c6395
_d6395
003 OSt
005 20200122151522.0
008 190216s9999||||xx |||||||||||||| ||und||
020 _a9788180549922
040 _coclc
082 _a658.3
_bTRI/H
100 _aTripathi, P C
_91261
245 0 _aHuman Resource Development /
_cP C Tripathi
250 _a4th ed.
260 _bSulthan Chand & Sons,
_c2003.
_aNew Delhi:
300 _a379p
942 _cBK
_2ddc
_h658.3
_iTRI/H
_k658.3
_mTRI/H